| 000 | 00704nam a2200181 a 4500 | ||
|---|---|---|---|
| 008 | 120416s2004 ||||||||||||||||| || u | ||
| 020 | _a0821359444 | ||
| 050 | _aIBRD-IFC(058)AR/2004 | ||
| 110 | _aInternational Finance Corporation (IFC) | ||
| 245 | 1 | 0 | _aInternational Finance Corporation (IFC): 2004 annual report; adding value to private sector investment |
| 260 |
_aWashington, D. C.: _bWorld Bank _c2004 |
||
| 300 | _a120p. : ill. | ||
| 350 | _a0.00 | ||
| 650 | _aBANKS | ||
| 650 | _aWORLD BANK--ANNUAL REPORTS | ||
| 710 | _aWorld Bank | ||
| 995 |
_D0.00 _FCBU-MAIN LIBRARY (Kitwe) _H1 _I0.00 _M2004 _UAVAILABLE _ZInternational Publications |
||
| 999 |
_c47378 _d47378 |
||